[Event "Mittelfranken Landesliga Sued 2223"]
[Site "Mittelfranken"]
[Date "2023.02.05"]
[Round "6.5"]
[White "Kamenskyi, Dmytro"]
[Black "Schmidt, Gerhard"]
[Result "1/2-1/2"]
[WhiteElo "2155"]
[BlackElo "2101"]
[PlyCount "26"]
[EventDate "2022.10.09"]
[EventType "team-tourn"]
[EventRounds "9"]
[EventCountry "GER"]
[SourceTitle "EXT 2024"]
[Source "ChessBase"]
[SourceDate "2023.10.10"]
[SourceVersion "1"]
[SourceVersionDate "2023.10.10"]
[SourceQuality "1"]
[WhiteTeam "Kriegshaber"]
[BlackTeam "Unterhaching"]
[WhiteTeamCountry "GER"]
[BlackTeamCountry "GER"]

1. e4 Nf6 2. e5 Nd5 3. d4 d6 4. c4 Nb6 5. f4 dxe5 6. fxe5 c5 7. d5 e6 8. Nc3 exd5 9. cxd5 c4 10. Nf3 Bb4 11. Bxc4 Nxc4 12. Qa4+ Nd7 13. Qxb4 Ncxe5 1/2-1/2

[Event "Hradec Kralove op 11th"]
[Site "Hradec Kralove"]
[Date "2021.11.08"]
[Round "3"]
[White "Kamenskyi, Dmytro"]
[Black "Thuesen, Mogens Henrik"]
[Result "1/2-1/2"]
[WhiteElo "1973"]
[BlackElo "2196"]
[PlyCount "100"]
[EventDate "2021.11.06"]
[EventType "swiss"]
[EventRounds "9"]
[EventCountry "CZE"]
[SourceTitle "CBM 205 Extra"]
[Source "ChessBase"]
[SourceDate "2022.01.31"]
[SourceVersion "1"]
[SourceVersionDate "2022.01.31"]
[SourceQuality "1"]

1. e4 c5 2. Nf3 e6 3. g3 Nc6 4. Bg2 Nf6 5. e5 Ng4 6. d4 cxd4 7. Bf4 d6 8. Nxd4 Nxd4 9. Qxd4 dxe5 10. Qxd8+ Kxd8 11. Bd2 Bc5 12. 0-0 f5 13. Bc3 Bd4 14. Bxd4 exd4 15. Rd1 Ke7 16. Rxd4 e5 17. Rd2 Be6 18. Nc3 Rad8 19. Rad1 Rxd2 20. Rxd2 e4 21. f3 exf3 22. Bxf3 Ne5 23. Kf2 Kf6 24. Nd5+ Bxd5 25. Rxd5 Rc8 26. Rd6+ Ke7 27. Rd2 b6 28. Be2 g5 29. c3 f4 30. gxf4 Rf8 31. Ke3 Rxf4 32. Rd4 Rf8 33. h4 h6 34. a4 Ng6 35. hxg5 hxg5 36. a5 Nf4 37. Bg4 Ng2+ 38. Ke4 bxa5 39. Ke5 Rd8 40. Rxd8 Kxd8 41. Kf5 Nf4 42. Kxg5 Nd3 43. b3 Nc5 44. Bd1 Ne4+ 45. Kf5 Nxc3 46. Bc2 Kc7 47. Ke5 Kb6 48. Kd4 Nb5+ 49. Kc4 Na3+ 50. Kc3 Nxc2 1/2-1/2

[Event "Basel Special op"]
[Site "Basel"]
[Date "2021.07.18"]
[Round "2"]
[White "Kamenskyi, Dmytro"]
[Black "Bohrer, Ruth"]
[Result "1-0"]
[WhiteElo "2007"]
[BlackElo "1748"]
[PlyCount "75"]
[EventDate "2021.07.17"]
[EventType "swiss"]
[EventRounds "6"]
[EventCountry "SUI"]
[SourceTitle "CBM 203 Extra"]
[Source "ChessBase"]
[SourceDate "2021.09.30"]
[SourceVersion "1"]
[SourceVersionDate "2021.09.30"]
[SourceQuality "1"]

1. e4 c5 2. Nf3 Nc6 3. d4 cxd4 4. Nxd4 g6 5. Nc3 Bg7 6. Be3 Nf6 7. Nxc6 bxc6 8. e5 Ng8 9. Bd4 Nh6 10. e6 0-0 11. Bxg7 Kxg7 12. exd7 Qxd7 13. Qxd7 Bxd7 14. Bc4 Bf5 15. 0-0-0 Rad8 16. f3 g5 17. Rhe1 Kf6 18. g4 Bg6 19. Ne4+ Bxe4 20. Rxe4 Rxd1+ 21. Kxd1 Rd8+ 22. Bd3 Ng8 23. Ra4 Rd7 24. Ra6 e6 25. Rxc6 Ne7 26. Ra6 h6 27. Ke2 Nd5 28. Ra3 Rc7 29. Be4 Nf4+ 30. Ke3 Ke5 31. Ra5+ Nd5+ 32. Bxd5 exd5 33. c3 f6 34. h3 Rb7 35. b3 Re7 36. c4 Kd6+ 37. Kd4 dxc4 38. Ra6+ 1-0